00835 2200277 4500001002100000005001700021008004100038020002200079035002400101040001200125082002000137090002400157100001700181245013000198250001200328260003800340300003200378650002100410650003000431700001600461700002000477850001200497990001600509990001600525990001600541YOGYA-1112000000023320121113150316.0 ind  a978-602-8174-56-5 0010-111200000000233 aYOPDYOG 2[22]a899.221 3 aCoE 899.221 3 ARI r aARIE SUDIBYO aRoro Jonggrang :bkembalinya pewaris takhta kraton boko /cArie Sudibyo; penyunting, Nurjannah Intan; ilustrasi, Asnan Zacky. aCet. 1. aYogyakarta :bGalang Press,c2011 a459 hlm. :bilus. ;c21 cm. aFiksi Yogyakarta aCerita fantasi Yogyakarta aAsnan Zacky aNurjannah Intan aYOPDYOG a395-PD/A.12 a393-PD/A.12 a392-PD/A.12